Southville International School and Colleges
Your cart is empty.
  • Cart
  • Lists
    Public lists Eva Luna New books Lux_list list_1
    Your lists Log in to create your own lists
  • Log in to your account
  • Your cookies
  • Search history
Southville International School and Colleges
  • Advanced search
  • Recent comments
  • Most popular
  • Libraries

Log in to your account

Log in with GOOGLE


If you do not have an external account, but do have a local account, you can still log in:

  1. Home
  2. MARC view: The lion, the witch and the wardrobe :
Normal view MARC view ISBD view

The lion, the witch and the wardrobe : (Record no. 33267)

[ view plain ]
MARC details
000 -LEADER
fixed length control field 00966cam a22003251 4500
001 - CONTROL NUMBER
control field 2164282
003 - CONTROL NUMBER IDENTIFIER
control field OSt
005 - DATE AND TIME OF LATEST TRANSACTION
control field 20140310184241.0
008 - FIXED-LENGTH DATA ELEMENTS--GENERAL INFORMATION
fixed length control field 731016s1950 nyua j 000 1 eng
010 ## - LIBRARY OF CONGRESS CONTROL NUMBER
LC control number 50010611
020 ## - INTERNATIONAL STANDARD BOOK NUMBER
International Standard Book Number 0590254766
040 ## - CATALOGING SOURCE
Original cataloging agency DLC
Transcribing agency DLC
Modifying agency DLC
042 ## - AUTHENTICATION CODE
Authentication code lcac
050 00 - LIBRARY OF CONGRESS CALL NUMBER
Classification number PZ 8
Item number .L48Cs 1950
100 1# - MAIN ENTRY--PERSONAL NAME
Personal name Lewis, C. S.
Fuller form of name (Clive Staples),
Dates associated with a name 1898-1963.
9 (RLIN) 24474
245 14 - TITLE STATEMENT
Title The lion, the witch and the wardrobe :
Remainder of title a story for children /
Statement of responsibility, etc C.S Lewis; Illustrated by Pauline Baynes.
260 ## - PUBLICATION, DISTRIBUTION, ETC. (IMPRINT)
Place of publication, distribution, etc New York :
Name of publisher, distributor, etc Macmillan,
Date of publication, distribution, etc 1950.
300 ## - PHYSICAL DESCRIPTION
Extent 189 p.:
Other physical details ill.;
Dimensions 21 cm.
490 0# - SERIES STATEMENT
Series statement The chronicles of Narnia
521 ## - TARGET AUDIENCE NOTE
Target audience note
526 ## - STUDY PROGRAM INFORMATION NOTE
Reading level 940
650 #1 - SUBJECT ADDED ENTRY--TOPICAL TERM
Topical term or geographic name as entry element Fantasy.
9 (RLIN) 3293
700 1# - ADDED ENTRY--PERSONAL NAME
Personal name Baynes, Pauline,
Relator term ill.
9 (RLIN) 24475
830 ## - SERIES ADDED ENTRY--UNIFORM TITLE
Uniform title The Lion, the witch and the wardrobe
9 (RLIN) 28723
906 ## - LOCAL DATA ELEMENT F, LDF (RLIN)
a 7
b cbc
c orignew
d u
e ocip
f 19
g y-gencatlg
942 ## - ADDED ENTRY ELEMENTS (KOHA)
Source of classification or shelving scheme Library of Congress Classification
Koha item type
Holdings
Withdrawn status Lost status Source of classification or shelving scheme Damaged status Home library Current library Shelving location Date acquired Total Checkouts Full call number Barcode Date last seen Copy number Price effective from Koha item type
    Library of Congress Classification   Luxembourg Library Luxembourg Library Scholastic Reading Center Section 04/10/2012   PZ 7 .L48Li 1950 LEX0379 04/18/2017 1 01/30/2014 Books
    Library of Congress Classification   Luxembourg Library Luxembourg Library Scholastic Reading Center Section 10/12/2013   PZ 8 .L48Li 1950 LEX2129 04/18/2017 2 10/12/2013 Books
    Library of Congress Classification   Luxembourg Library Luxembourg Library Scholastic Reading Center Section 10/16/2013   PZ 8 .L48Li 1950 SCHO0648 04/18/2017 3 10/16/2013 Books

The lion, the witch and the wardrobe :

APA

Lewis C. S., Baynes P., . (1950). The lion, the witch and the wardrobe. New York: Macmillan.

Chicago

Lewis C S, Baynes Pauline, . 1950. The lion, the witch and the wardrobe. New York: Macmillan.

Harvard

Lewis C. S., Baynes P., . (1950). The lion, the witch and the wardrobe. New York: Macmillan.

MLA

Lewis C S, Baynes Pauline, . The lion, the witch and the wardrobe. New York: Macmillan. 1950.

  • Place hold
  • Print
  • Cite
  • Add to your cart (remove)
  • Save record
    BIBTEX Dublin Core MARCXML MARC (non-Unicode/MARC-8) MARC (Unicode/UTF-8) MARC (Unicode/UTF-8, Standard) MODS (XML) RIS
  • More searches
    Search for this title in:
    Other Libraries (WorldCat) Other Databases (Google Scholar) Online Stores (Bookfinder.com) Open Library (openlibrary.org)

Exporting to Dublin Core...

SOUTHVILLE LIBRARY

Southville International School and Colleges Library

1281 Tropical Ave. Cor. Luxembourg St., BF Homes International, Las Pinas City

Tel. No. 8256374 / 252358 Loc. 117/146

Powered by Koha